| 000 | 00530nam a2200217 a 4500 | ||
|---|---|---|---|
| 001 | 3815051 | ||
| 005 | 20180302083040.0 | ||
| 008 | 850916s1984 nyua j 000 0 eng | ||
| 010 | _a 85204910 | ||
| 020 | _a087720635X | ||
| 040 |
_aDLC _cDLC _dDLC |
||
| 041 | _aeng | ||
| 043 | _an-us--- | ||
| 080 | _a973 | ||
| 082 | 0 | 0 |
_a973 ABR _219 |
| 100 | 1 | _a16 | |
| 101 | _aHIS | ||
| 245 | 1 | 0 |
_aEnjoying American history / _cHenry Abraham, Irwin Pfeffer. |
| 906 |
_a7 _bcbc _corignew _d3 _encip _f19 _gy-gencatlg |
||
| 942 |
_2ddc _cBK |
||
| 999 |
_c44081 _d44081 |
||